Pays ou il y a le plus de Turcs (Anatoliens) - Statistiques

Statistiques générales
  • Ce quiz a été pris 605 fois
  • Le résultat moyen est 14 sur 23
Statistiques - réponses
Nombre Pays % Correct
1 000 000 France
97%
65 000 000 Turquie
97%
3 700 000 Allemagne
94%
Entre 109 883 et 150 000 Russie
83%
Entre 196 222 et 500 000 États-Unis
81%
Entre 49 000 et 130 000 Grèce
80%
500 000 Royaume-Uni
74%
100 000 Syrie
73%
200 000 Belgique
72%
Entre 500 000 et 3 000 000 Irak
68%
Entre 396 414 et 500 000 Pays-Bas
68%
70 440 Suisse
67%
Entre 350 000 et 500 000 Autriche
64%
Entre 588 318 et 800 000 Bulgarie
64%
200 000 Arabie Saoudite
52%
150 000 Suède
50%
Entre 50 000 et 200 000 Liban
44%
Entre 104 792 et 150 000 Kazakhstan
40%
66 919 Australie
39%
60 000 Jordanie
32%
77 959 Macédoine du Nord
22%
50 000 Libye
17%
280 000 Chypre du Nord
6%
Aucun quiz correspondant
Distribution des résultats
% des personnes avec chaque résultat
Percentile par nombre de réponses
Votre historique - résultats
Vous n’avez pas pris ce quiz